00694cam a22002411 4500001001300000003000400013005001700017008004100034010001700075035002000092040001800112042001200130050001800142100001700160245004300177260001100220300001900231500001800250500010100268650002200369710004400391999001700435sa 68005657 DLC20260227112510.0890726s1966 ii 000 0 malo  asa 68005657  a(OCoLC)20074861 aDLCcWaUdDLC apremarc00aPL4718.2b.M41 aMenon, M. S.10aKavita kavit̲r̲ayattinnuśēṣam. c[1966] a241 p.c18 cm. aIn Malayalam. aPapers presented at a symposium organized in 1965 by the Kēraḷasāhityasamiti, Tellecherry. 0aMalayalam poetry.2 aKēraḷasāhityasamiti, Tellicherry. c80853d80853